[Event "Mitropa Online Cup Women 2021"]
[Site "Hybrid"]
[Date "2021.05.04"]
[Round "6.1"]
[White "Lubbe, Melanie"]
[Black "Taragelova, Martina"]
[Result "1-0"]
[WhiteElo "2274"]
[BlackElo "2010"]
[Annotator "NA"]
[PlyCount "87"]
[EventDate "2021.05.04"]
[EventType "team-tourn"]
[EventCountry "NET"]
[SourceTitle "playchess.com"]
[Source "ChessBase"]
[SourceQuality "1"]
[WhiteTeam "Germany"]
[BlackTeam "Slovakia"]
[WhiteTeamCountry "GER"]
[BlackTeamCountry "SVK"]
[TimeControl "40/5400+30:1800+30"]

1. e4 {[%emt 0:00:00]} e5 {[%emt 0:00:14]} 2. Nf3 {[%emt 0:00:13]} Nc6 {[%emt 0:00:16]} 3. Bc4 {[%emt 0:00:17]} Bc5 {[%emt 0:00:18]} 4. c3 {[%emt 0:00:19]} Nf6 {[%emt 0:00:16]} 5. d4 {[%emt 0:00:24]} exd4 {[%emt 0:01:09]} 6. e5 {[%emt 0:00:21]} d5 {[%emt 0:06:49]} 7. Bb5 {[%emt 0:00:15]} Ne4 {[%emt 0:01:54]} 8. cxd4 {[%emt 0:00:21]} Bb4+ {[%emt 0:02:45]} 9. Bd2 {[%emt 0:00:21]} Bxd2+ {[%emt 0:04:59]} 10. Nbxd2 {[%emt 0:00:14]} Nxd2 {[%emt 0:02:08]} 11. Qxd2 {[%emt 0:00:29]} Bd7 {[%emt 0:01:55]} 12. Bd3 {[%emt 0:06:57]} Qe7 {[%emt 0:03:51]} 13. O-O {[%emt 0:05:01]} O-O {[%emt 0:02:51]} 14. Qf4 {[%emt 0:09:04]} h6 {[%emt 0:03:59]} 15. a3 {[%emt 0:06:38]} Qe6 {[%emt 0:07:22]} 16. h3 {[%emt 0:08:40]} Ne7 {[%emt 0:06:07]} 17. Rac1 {[%emt 0:00:37]} c6 {[%emt 0:00:18]} 18. Rc3 {[%emt 0:05:01]} Rae8 {[%emt 0:07:29]} 19. Bb1 {[%emt 0:05:19]} Bc8 {[%emt 0:09:22]} 20. Re1 {[%emt 0:12:02]} f5 {[%emt 0:08:47]} 21. exf6 {[%emt 0:01:34]} Qxf6 {[%emt 0:01:51]} 22. Qxf6 {[%emt 0:02:48]} Rxf6 {[%emt 0:04:07]} 23. Rce3 {[%emt 0:00:27]} Kf8 {[%emt 0:02:07]} 24. g4 {[%emt 0:08:51]} g5 {[%emt 0:06:26]} 25. Ne5 {[%emt 0:02:27]} Rd8 {[%emt 0:03:40]} 26. Kg2 {[%emt 0:02:08]} Rdd6 {[%emt 0:02:20]} 27. Kg3 {[%emt 0:06:24]} Rde6 {[%emt 0:04:01]} 28. R1e2 {[%emt 0:00:51]} Kg7 {[%emt 0:00:42]} 29. h4 {[%emt 0:01:50]} Rf4 {[%emt 0:01:39]} 30. Rd2 {[%emt 0:02:43]} Kf6 {[%emt 0:01:21]} 31. f3 {[%emt 0:01:42]} Kg7 {[%emt 0:01:22]} 32. b4 {[%emt 0:01:58]} a6 {[%emt 0:01:06]} 33. Ree2 {[%emt 0:00:29]} Rff6 {[%emt 0:01:18]} 34. Rh2 {[%emt 0:00:50]} gxh4+ {[%emt 0:01:11]} 35. Rxh4 {[%emt 0:00:23]} Rd6 {[%emt 0:00:41]} 36. Rh1 {[%emt 0:04:22]} Rf8 {[%emt 0:00:26]} 37. f4 {[%emt 0:00:45]} Rdf6 {[%emt 0:00:38]} 38. Rf2 {[%emt 0:01:56]} Be6 {[%emt 0:00:38]} 39. g5 {[%emt 0:02:14]} Nf5+ {[%emt 0:00:32]} 40. Bxf5 {[%emt 0:00:00]} Rxf5 {[%emt 0:00:00]} 41. Rxh6 {[%emt 0:01:40]} Re8 {[%emt 0:06:46]} 42. Rfh2 {[%emt 0:01:41]} Bg8 {[%emt 0:01:24]} 43. Rg6+ {[%emt 0:01:20]} Kf8 {[%emt 0:00:18]} 44. Rh8 {[%emt 0:00:31]} 1-0

[Event "Mitropa Online Cup Women 2021"]
[Site "Hybrid"]
[Date "2021.05.04"]
[Round "6.1"]
[White "Schneider, Jana"]
[Black "Sankova, Stella"]
[Result "1-0"]
[WhiteElo "2272"]
[BlackElo "2087"]
[Annotator "NA"]
[PlyCount "69"]
[EventDate "2021.05.04"]
[EventType "team-tourn"]
[EventCountry "NET"]
[SourceTitle "playchess.com"]
[Source "ChessBase"]
[SourceQuality "1"]
[WhiteTeam "Germany"]
[BlackTeam "Slovakia"]
[WhiteTeamCountry "GER"]
[BlackTeamCountry "SVK"]
[TimeControl "40/5400+30:1800+30"]

1. e4 {[%emt 0:00:00]} e6 {[%emt 0:00:10]} 2. d4 {[%emt 0:02:06]} d5 {[%emt 0:00:18]} 3. e5 {[%emt 0:07:59]} c5 {[%emt 0:00:07]} 4. c3 {[%emt 0:00:07]} Nc6 {[%emt 0:00:06]} 5. Nf3 {[%emt 0:00:08]} Bd7 {[%emt 0:00:06]} 6. Be2 {[%emt 0:00:21]} Nge7 {[%emt 0:02:23]} 7. O-O {[%emt 0:05:50]} Ng6 {[%emt 0:01:52]} 8. Re1 {[%emt 0:06:32]} Qb6 {[%emt 0:02:08]} 9. h4 {[%emt 0:05:00]} Be7 {[%emt 0:00:29]} 10. g3 {[%emt 0:02:45]} O-O {[%emt 0:00:47]} 11. h5 {[%emt 0:08:14]} Nh8 {[%emt 0:00:07]} 12. Bd3 {[%emt 0:02:34]} cxd4 {[%emt 0:11:54]} 13. cxd4 {[%emt 0:09:27]} Nb4 {[%emt 0:02:32]} 14. Be2 {[%emt 0:00:37]} Bb5 {[%emt 0:02:48]} 15. Nc3 {[%emt 0:02:06]} Bxe2 {[%emt 0:00:39]} 16. Rxe2 {[%emt 0:01:55]} Rae8 {[%emt 0:06:50]} 17. Na4 {[%emt 0:06:36]} Qd8 {[%emt 0:04:27]} 18. Bf4 {[%emt 0:01:13]} Nc6 {[%emt 0:04:37]} 19. Rc1 {[%emt 0:03:05]} g5 {[%emt 0:11:17]} 20. hxg6 {[%emt 0:04:31]} fxg6 {[%emt 0:00:10]} 21. Nc5 {[%emt 0:00:16]} Bxc5 {[%emt 0:01:03]} 22. Rxc5 {[%emt 0:01:08]} h6 {[%emt 0:01:23]} 23. Kg2 {[%emt 0:04:42]} g5 {[%emt 0:00:50]} 24. Be3 {[%emt 0:00:18]} Ng6 {[%emt 0:01:54]} 25. b4 {[%emt 0:02:13]} Rf7 {[%emt 0:10:09]} 26. Nh2 {[%emt 0:01:04]} Nf4+ {[%emt 0:07:44]} 27. gxf4 {[%emt 0:02:09]} gxf4 {[%emt 0:00:07]} 28. Bc1 {[%emt 0:05:43]} Qg5+ {[%emt 0:01:07]} 29. Kh1 {[%emt 0:00:08]} Rg7 {[%emt 0:04:21]} 30. f3 {[%emt 0:00:10]} Nxd4 {[%emt 0:00:14]} 31. Qxd4 {[%emt 0:00:18]} Kh8 {[%emt 0:02:05]} 32. Rcc2 {[%emt 0:01:32]} Reg8 {[%emt 0:00:19]} 33. Ng4 {[%emt 0:00:08]} Qh4+ {[%emt 0:00:41]} 34. Rh2 {[%emt 0:00:09]} Qe1+ {[%emt 0:00:35]} 35. Qg1 {[%emt 0:00:07]} 1-0

[Event "Mitropa Online Cup Women 2021"]
[Site "Hybrid"]
[Date "2021.05.04"]
[Round "6.1"]
[White "Ferkova, Dominika"]
[Black "Klek, Hanna Marie"]
[Result "0-1"]
[WhiteElo "2006"]
[BlackElo "2302"]
[Annotator "NA"]
[PlyCount "64"]
[EventDate "2021.05.04"]
[EventType "team-tourn"]
[EventCountry "NET"]
[SourceTitle "playchess.com"]
[Source "ChessBase"]
[SourceQuality "1"]
[WhiteTeam "Slovakia"]
[BlackTeam "Germany"]
[WhiteTeamCountry "SVK"]
[BlackTeamCountry "GER"]
[TimeControl "40/5400+30:1800+30"]

1. d4 {[%emt 0:00:00]} Nf6 {[%emt 0:00:10]} 2. c4 {[%emt 0:00:07]} g6 {[%emt 0:00:10]} 3. Nc3 {[%emt 0:00:07]} Bg7 {[%emt 0:00:11]} 4. e4 {[%emt 0:00:07]} d6 {[%emt 0:00:07]} 5. f3 {[%emt 0:00:07]} O-O {[%emt 0:00:06]} 6. Be3 {[%emt 0:00:10]} a6 {[%emt 0:00:08]} 7. Nge2 {[%emt 0:01:26]} b5 {[%emt 0:04:26]} 8. cxb5 {[%emt 0:07:55]} axb5 {[%emt 0:00:16]} 9. Nxb5 {[%emt 0:05:13]} c6 {[%emt 0:03:25]} 10. Nbc3 {[%emt 0:00:41]} Nbd7 {[%emt 0:01:38]} 11. Nc1 {[%emt 0:02:48]} e5 {[%emt 0:01:31]} 12. d5 {[%emt 0:08:00]} cxd5 {[%emt 0:03:45]} 13. Nxd5 {[%emt 0:01:08]} Nxd5 {[%emt 0:03:46]} 14. Qxd5 {[%emt 0:01:18]} Rb8 {[%emt 0:01:23]} 15. Qxd6 {[%emt 0:23:55]} Rxb2 {[%emt 0:05:33]} 16. Be2 {[%emt 0:06:49]} Bh6 {[%emt 0:15:32]} 17. Qa3 {[%emt 0:08:51]} Bxe3 {[%emt 0:01:11]} 18. Qxe3 {[%emt 0:00:21]} Qa5+ {[%emt 0:01:54]} 19. Kf2 {[%emt 0:00:38]} Ba6 {[%emt 0:10:40]} 20. Re1 {[%emt 0:06:39]} Rc8 {[%emt 0:04:39]} 21. Nb3 {[%emt 0:09:39]} Qd8 {[%emt 0:02:33]} 22. Rac1 {[%emt 0:05:33]} Rxc1 {[%emt 0:05:05]} 23. Qxc1 {[%emt 0:00:25]} Rxa2 {[%emt 0:04:33]} 24. Qb1 {[%emt 0:05:27]} Qh4+ {[%emt 0:05:04]} 25. Kf1 {[%emt 0:02:20]} Rxe2 {[%emt 0:01:21]} 26. Rxe2 {[%emt 0:00:15]} Qxh2 {[%emt 0:01:28]} 27. Qe1 {[%emt 0:00:37]} Bxe2+ {[%emt 0:02:28]} 28. Qxe2 {[%emt 0:00:07]} Nf6 {[%emt 0:01:18]} 29. Nc5 {[%emt 0:01:45]} Nh5 {[%emt 0:01:20]} 30. Qb2 {[%emt 0:00:10]} Nf4 {[%emt 0:01:18]} 31. Qb8+ {[%emt 0:00:26]} Kg7 {[%emt 0:00:08]} 32. Qxe5+ {[%emt 0:00:04]} Kh6 {[%emt 0:00:09]} 0-1

[Event "Mitropa Online Cup Women 2021"]
[Site "Hybrid"]
[Date "2021.05.04"]
[Round "6.1"]
[White "Kovarikova, Maria"]
[Black "Sieber, Fiona"]
[Result "0-1"]
[WhiteElo "1899"]
[BlackElo "2275"]
[Annotator "NA"]
[PlyCount "72"]
[EventDate "2021.05.04"]
[EventType "team-tourn"]
[EventCountry "NET"]
[SourceTitle "playchess.com"]
[Source "ChessBase"]
[SourceQuality "1"]
[WhiteTeam "Slovakia"]
[BlackTeam "Germany"]
[WhiteTeamCountry "SVK"]
[BlackTeamCountry "GER"]
[TimeControl "40/5400+30:1800+30"]

1. e4 {[%emt 0:00:00]} c5 {[%emt 0:00:09]} 2. Nf3 {[%emt 0:00:34]} d6 {[%emt 0:00:08]} 3. d4 {[%emt 0:00:32]} cxd4 {[%emt 0:00:07]} 4. Nxd4 {[%emt 0:00:17]} Nf6 {[%emt 0:00:10]} 5. Nc3 {[%emt 0:00:37]} Bd7 {[%emt 0:00:11]} 6. f3 {[%emt 0:01:05]} e5 {[%emt 0:00:44]} 7. Nb3 {[%emt 0:00:49]} Be7 {[%emt 0:00:12]} 8. Be3 {[%emt 0:01:40]} O-O {[%emt 0:00:26]} 9. Qd2 {[%emt 0:01:57]} a5 {[%emt 0:00:40]} 10. g4 {[%emt 0:01:45]} a4 {[%emt 0:05:45]} 11. Nc1 {[%emt 0:00:48]} Be6 {[%emt 0:06:06]} 12. g5 {[%emt 0:07:43]} Nh5 {[%emt 0:11:49]} 13. N1e2 {[%emt 0:01:34]} Nd7 {[%emt 0:11:13]} 14. Ng3 {[%emt 0:05:00]} Nf4 {[%emt 0:01:12]} 15. h4 {[%emt 0:02:50]} a3 {[%emt 0:05:57]} 16. b3 {[%emt 0:03:28]} Qa5 {[%emt 0:00:57]} 17. Nb5 {[%emt 0:09:29]} d5 {[%emt 0:05:12]} 18. Qxa5 {[%emt 0:01:58]} Rxa5 {[%emt 0:01:35]} 19. Bd2 {[%emt 0:05:35]} Raa8 {[%emt 0:00:22]} 20. O-O-O {[%emt 0:12:24]} dxe4 {[%emt 0:02:33]} 21. Nc7 {[%emt 0:07:11]} exf3 {[%emt 0:08:38]} 22. Nxa8 {[%emt 0:04:44]} Rxa8 {[%emt 0:01:12]} 23. Ne4 {[%emt 0:07:52]} Nc5 {[%emt 0:05:10]} 24. Nxc5 {[%emt 0:05:01]} Bxc5 {[%emt 0:00:14]} 25. Bxf4 {[%emt 0:00:58]} exf4 {[%emt 0:00:08]} 26. Bh3 {[%emt 0:00:41]} Re8 {[%emt 0:06:30]} 27. Bxe6 {[%emt 0:07:14]} fxe6 {[%emt 0:01:06]} 28. Rd7 {[%emt 0:01:25]} e5 {[%emt 0:05:53]} 29. Rc7 {[%emt 0:02:47]} Be3+ {[%emt 0:03:11]} 30. Kb1 {[%emt 0:01:55]} e4 {[%emt 0:00:19]} 31. h5 {[%emt 0:02:57]} f2 {[%emt 0:00:57]} 32. h6 {[%emt 0:00:34]} g6 {[%emt 0:01:07]} 33. Rg7+ {[%emt 0:01:00]} Kh8 {[%emt 0:00:09]} 34. Rf1 {[%emt 0:01:34]} Bd4 {[%emt 0:00:47]} 35. Rd7 {[%emt 0:00:51]} e3 {[%emt 0:00:18]} 36. Rxd4 {[%emt 0:00:09]} e2 {[%emt 0:00:13]} 0-1

[Event "Mitropa Online Cup Women 2021"]
[Site "Hybrid"]
[Date "2021.05.04"]
[Round "6.2"]
[White "Petrova, Kristyna"]
[Black "Terbe, Julianna"]
[Result "1/2-1/2"]
[WhiteElo "2303"]
[BlackElo "2267"]
[Annotator "NA"]
[PlyCount "58"]
[EventDate "2021.05.04"]
[EventType "team-tourn"]
[EventCountry "NET"]
[SourceTitle "playchess.com"]
[Source "ChessBase"]
[SourceQuality "1"]
[WhiteTeam "Czech Republic"]
[BlackTeam "Hungary"]
[WhiteTeamCountry "CZE"]
[BlackTeamCountry "HUN"]
[TimeControl "40/5400+30:1800+30"]

1. e4 {[%emt 0:00:00]} e5 {[%emt 0:00:08]} 2. Nf3 {[%emt 0:00:09]} Nc6 {[%emt 0:00:05]} 3. Bb5 {[%emt 0:00:06]} a6 {[%emt 0:00:05]} 4. Ba4 {[%emt 0:00:06]} Nf6 {[%emt 0:00:07]} 5. O-O {[%emt 0:00:09]} Be7 {[%emt 0:00:09]} 6. d3 {[%emt 0:00:12]} b5 {[%emt 0:02:13]} 7. Bb3 {[%emt 0:00:07]} d6 {[%emt 0:00:04]} 8. a4 {[%emt 0:00:19]} Bd7 {[%emt 0:06:58]} 9. Bd2 {[%emt 0:00:40]} O-O {[%emt 0:05:03]} 10. h3 {[%emt 0:01:09]} Rb8 {[%emt 0:02:47]} 11. axb5 {[%emt 0:07:16]} axb5 {[%emt 0:00:12]} 12. Nc3 {[%emt 0:02:12]} Be6 {[%emt 0:06:57]} 13. Nd5 {[%emt 0:03:00]} Qd7 {[%emt 0:04:07]} 14. Nxe7+ {[%emt 0:16:55]} Nxe7 {[%emt 0:05:31]} 15. c3 {[%emt 0:03:59]} c5 {[%emt 0:05:58]} 16. Bg5 {[%emt 0:12:58]} c4 {[%emt 0:09:42]} 17. Bc2 {[%emt 0:12:46]} Ng6 {[%emt 0:07:28]} 18. d4 {[%emt 0:03:20]} exd4 {[%emt 0:12:13]} 19. cxd4 {[%emt 0:02:11]} d5 {[%emt 0:00:38]} 20. Bxf6 {[%emt 0:18:19]} gxf6 {[%emt 0:00:44]} 21. e5 {[%emt 0:06:47]} Kh8 {[%emt 0:14:36]} 22. Bxg6 {[%emt 0:03:31]} fxg6 {[%emt 0:02:49]} 23. Ra6 {[%emt 0:00:56]} Qc8 {[%emt 0:02:51]} 24. Qa1 {[%emt 0:01:55]} fxe5 {[%emt 0:01:05]} 25. Nxe5 {[%emt 0:00:13]} Ra8 {[%emt 0:00:14]} 26. Ra5 {[%emt 0:02:05]} Qd8 {[%emt 0:01:50]} 27. Ra6 {[%emt 0:00:25]} Qc8 {[%emt 0:00:07]} 28. Ra5 {[%emt 0:00:04]} Qd8 {[%emt 0:00:24]} 29. Ra6 {[%emt 0:00:02]} Qc8 {[%emt 0:00:05]} 1/2-1/2

[Event "Mitropa Online Cup Women 2021"]
[Site "Hybrid"]
[Date "2021.05.04"]
[Round "6.2"]
[White "Juhasz, Barbara"]
[Black "Worek, Joanna"]
[Result "1-0"]
[WhiteElo "2211"]
[BlackElo "2322"]
[Annotator "NA"]
[PlyCount "53"]
[EventDate "2021.05.04"]
[EventType "team-tourn"]
[EventCountry "NET"]
[SourceTitle "playchess.com"]
[Source "ChessBase"]
[SourceQuality "1"]
[WhiteTeam "Hungary"]
[BlackTeam "Czech Republic"]
[WhiteTeamCountry "HUN"]
[BlackTeamCountry "CZE"]
[TimeControl "40/5400+30:1800+30"]

1. e4 {[%emt 0:00:00]} e6 {[%emt 0:00:06]} 2. d4 {[%emt 0:00:07]} d5 {[%emt 0:00:06]} 3. Nd2 {[%emt 0:00:05]} c5 {[%emt 0:00:29]} 4. exd5 {[%emt 0:00:18]} Qxd5 {[%emt 0:00:39]} 5. Ngf3 {[%emt 0:00:30]} cxd4 {[%emt 0:00:24]} 6. Bc4 {[%emt 0:00:12]} Qd7 {[%emt 0:00:18]} 7. O-O {[%emt 0:01:44]} a6 {[%emt 0:02:07]} 8. a4 {[%emt 0:01:18]} Nc6 {[%emt 0:04:37]} 9. Nb3 {[%emt 0:00:55]} Bd6 {[%emt 0:14:44]} 10. Nbxd4 {[%emt 0:09:17]} Nge7 {[%emt 0:05:24]} 11. Nxc6 {[%emt 0:19:02]} Qxc6 {[%emt 0:03:48]} 12. Bb5 {[%emt 0:02:44]} axb5 {[%emt 0:01:26]} 13. axb5 {[%emt 0:00:47]} Qxb5 {[%emt 0:00:52]} 14. Rxa8 {[%emt 0:00:14]} Bc7 {[%emt 0:00:09]} 15. b3 {[%emt 0:06:13]} b6 {[%emt 0:14:53]} 16. Bb2 {[%emt 0:09:58]} f6 {[%emt 0:17:50]} 17. Ra7 {[%emt 0:19:52]} Bb8 {[%emt 0:02:09]} 18. Ra8 {[%emt 0:02:58]} Bc7 {[%emt 0:04:44]} 19. Re1 {[%emt 0:01:05]} Kf7 {[%emt 0:11:30]} 20. Nd4 {[%emt 0:04:59]} Qd5 {[%emt 0:00:22]} 21. Ra7 {[%emt 0:02:37]} Bb8 {[%emt 0:04:15]} 22. c4 {[%emt 0:05:24]} Qd8 {[%emt 0:03:37]} 23. Rxe7+ {[%emt 0:01:39]} Qxe7 {[%emt 0:00:15]} 24. Nc6 {[%emt 0:00:06]} Qc7 {[%emt 0:00:28]} 25. Nxb8 {[%emt 0:00:06]} Qxb8 {[%emt 0:00:07]} 26. Qh5+ {[%emt 0:00:08]} g6 {[%emt 0:00:03]} 27. Qf3 {[%emt 0:00:06]} 1-0

[Event "Mitropa Online Cup Women 2021"]
[Site "Hybrid"]
[Date "2021.05.04"]
[Round "6.2"]
[White "Richterova, Natasa"]
[Black "Gaal, Zsoka"]
[Result "1-0"]
[WhiteElo "2188"]
[BlackElo "2169"]
[Annotator "NA"]
[PlyCount "155"]
[EventDate "2021.05.04"]
[EventType "team-tourn"]
[EventCountry "NET"]
[SourceTitle "playchess.com"]
[Source "ChessBase"]
[SourceQuality "1"]
[WhiteTeam "Czech Republic"]
[BlackTeam "Hungary"]
[WhiteTeamCountry "CZE"]
[BlackTeamCountry "HUN"]
[TimeControl "40/5400+30:1800+30"]

1. d4 {[%emt 0:00:00]} Nf6 {[%emt 0:00:10]} 2. c4 {[%emt 0:00:15]} e6 {[%emt 0:00:07]} 3. Nf3 {[%emt 0:00:16]} d5 {[%emt 0:00:10]} 4. Nc3 {[%emt 0:00:35]} Bb4 {[%emt 0:01:10]} 5. Bg5 {[%emt 0:00:48]} h6 {[%emt 0:09:13]} 6. Bxf6 {[%emt 0:01:32]} Bxc3+ {[%emt 0:04:22]} 7. bxc3 {[%emt 0:00:10]} Qxf6 {[%emt 0:00:06]} 8. g3 {[%emt 0:02:10]} O-O {[%emt 0:03:49]} 9. Bg2 {[%emt 0:00:37]} c6 {[%emt 0:04:08]} 10. O-O {[%emt 0:01:06]} Nd7 {[%emt 0:06:55]} 11. Qb3 {[%emt 0:01:18]} Nb6 {[%emt 0:09:41]} 12. Ne5 {[%emt 0:16:54]} dxc4 {[%emt 0:03:01]} 13. Qb4 {[%emt 0:07:24]} Re8 {[%emt 0:09:35]} 14. a4 {[%emt 0:16:24]} Qe7 {[%emt 0:02:50]} 15. Qxe7 {[%emt 0:00:37]} Rxe7 {[%emt 0:00:04]} 16. a5 {[%emt 0:00:06]} Nd5 {[%emt 0:00:24]} 17. Rfc1 {[%emt 0:00:11]} Rb8 {[%emt 0:11:37]} 18. e4 {[%emt 0:02:59]} Nf6 {[%emt 0:01:25]} 19. Nxc4 {[%emt 0:05:14]} b5 {[%emt 0:01:35]} 20. axb6 {[%emt 0:02:01]} axb6 {[%emt 0:00:06]} 21. Rcb1 {[%emt 0:03:58]} b5 {[%emt 0:02:16]} 22. Ne5 {[%emt 0:00:08]} Rc7 {[%emt 0:02:01]} 23. Nd3 {[%emt 0:09:34]} Nd7 {[%emt 0:00:49]} 24. Bf1 {[%emt 0:19:06]} Kf8 {[%emt 0:06:22]} 25. Ra5 {[%emt 0:01:16]} Ke7 {[%emt 0:11:20]} 26. f4 {[%emt 0:00:13]} g6 {[%emt 0:02:57]} 27. e5 {[%emt 0:02:30]} Nb6 {[%emt 0:01:07]} 28. Nc5 {[%emt 0:00:39]} Bd7 {[%emt 0:01:22]} 29. Rba1 {[%emt 0:02:02]} Bc8 {[%emt 0:02:20]} 30. Bg2 {[%emt 0:01:16]} Nd5 {[%emt 0:00:27]} 31. Bxd5 {[%emt 0:01:24]} cxd5 {[%emt 0:00:32]} 32. Rb1 {[%emt 0:00:24]} Bd7 {[%emt 0:00:30]} 33. Kf2 {[%emt 0:00:53]} Rbc8 {[%emt 0:02:10]} 34. Ke2 {[%emt 0:00:25]} Be8 {[%emt 0:01:12]} 35. Kd2 {[%emt 0:00:27]} Bd7 {[%emt 0:00:14]} 36. Rb4 {[%emt 0:00:24]} Be8 {[%emt 0:00:30]} 37. Rb3 {[%emt 0:00:08]} Bc6 {[%emt 0:00:29]} 38. Rba3 {[%emt 0:01:05]} Bd7 {[%emt 0:00:39]} 39. Kc2 {[%emt 0:02:09]} Be8 {[%emt 0:00:23]} 40. Kb3 {[%emt 0:00:00]} Bd7 {[%emt 0:00:00]} 41. Kb4 {[%emt 0:02:15]} Be8 {[%emt 0:12:08]} 42. Ra1 {[%emt 0:05:55]} h5 {[%emt 0:01:00]} 43. Ra6 {[%emt 0:03:25]} Bc6 {[%emt 0:01:14]} 44. Ra7 {[%emt 0:06:08]} Kd8 {[%emt 0:03:38]} 45. Rxc7 {[%emt 0:02:48]} Rxc7 {[%emt 0:00:22]} 46. Ra6 {[%emt 0:00:18]} Kc8 {[%emt 0:02:12]} 47. Rb6 {[%emt 0:02:13]} Be8 {[%emt 0:02:37]} 48. Na6 {[%emt 0:04:44]} Ra7 {[%emt 0:00:55]} 49. Rb8+ {[%emt 0:00:33]} Kd7 {[%emt 0:00:05]} 50. Nc5+ {[%emt 0:00:12]} Ke7 {[%emt 0:00:05]} 51. Rb7+ {[%emt 0:00:13]} Rxb7 {[%emt 0:00:02]} 52. Nxb7 {[%emt 0:00:03]} f6 {[%emt 0:00:11]} 53. Nd6 {[%emt 0:01:18]} Bd7 {[%emt 0:00:12]} 54. Kc5 {[%emt 0:01:53]} g5 {[%emt 0:02:35]} 55. fxg5 {[%emt 0:04:53]} fxg5 {[%emt 0:00:12]} 56. Kb6 {[%emt 0:01:24]} Kd8 {[%emt 0:01:14]} 57. Nf7+ {[%emt 0:00:26]} Ke7 {[%emt 0:00:25]} 58. Nxg5 {[%emt 0:00:03]} Be8 {[%emt 0:00:04]} 59. Kc7 {[%emt 0:00:16]} Bg6 {[%emt 0:00:41]} 60. Nh3 {[%emt 0:00:20]} Bf7 {[%emt 0:03:30]} 61. Nf4 {[%emt 0:00:06]} Be8 {[%emt 0:00:03]} 62. Nd3 {[%emt 0:00:21]} Bg6 {[%emt 0:00:35]} 63. Nb4 {[%emt 0:00:05]} Bf5 {[%emt 0:00:27]} 64. Nc6+ {[%emt 0:02:12]} Kf7 {[%emt 0:00:36]} 65. Kd6 {[%emt 0:00:11]} Ke8 {[%emt 0:00:04]} 66. Na7 {[%emt 0:00:19]} Kf7 {[%emt 0:00:21]} 67. Nxb5 {[%emt 0:00:08]} Kg6 {[%emt 0:00:06]} 68. Nc7 {[%emt 0:00:19]} Kf7 {[%emt 0:00:27]} 69. Kd7 {[%emt 0:00:51]} Kf8 {[%emt 0:00:31]} 70. Nb5 {[%emt 0:00:21]} Kg7 {[%emt 0:00:12]} 71. Ke7 {[%emt 0:00:14]} Kg6 {[%emt 0:00:11]} 72. Nc7 {[%emt 0:00:19]} Kg5 {[%emt 0:00:05]} 73. Nxe6+ {[%emt 0:00:10]} Kg4 {[%emt 0:00:13]} 74. Nf4 {[%emt 0:01:05]} h4 {[%emt 0:00:16]} 75. Nxd5 {[%emt 0:00:14]} h3 {[%emt 0:00:04]} 76. Nf4 {[%emt 0:00:19]} Kf3 {[%emt 0:00:06]} 77. Kf6 {[%emt 0:00:09]} Bg4 {[%emt 0:00:08]} 78. e6 {[%emt 0:00:10]} 1-0

[Event "Mitropa Online Cup Women 2021"]
[Site "Hybrid"]
[Date "2021.05.04"]
[Round "6.2"]
[White "Terbe, Zsuzsanna"]
[Black "Kanakova, Natalie"]
[Result "1-0"]
[WhiteElo "2186"]
[BlackElo "2179"]
[Annotator "NA"]
[PlyCount "105"]
[EventDate "2021.05.04"]
[EventType "team-tourn"]
[EventCountry "NET"]
[SourceTitle "playchess.com"]
[Source "ChessBase"]
[SourceQuality "1"]
[WhiteTeam "Hungary"]
[BlackTeam "Czech Republic"]
[WhiteTeamCountry "HUN"]
[BlackTeamCountry "CZE"]
[TimeControl "40/5400+30:1800+30"]

1. d4 {[%emt 0:00:00]} d5 {[%emt 0:00:07]} 2. c4 {[%emt 0:00:28]} dxc4 {[%emt 0:00:24]} 3. Nf3 {[%emt 0:00:30]} Nf6 {[%emt 0:00:43]} 4. e3 {[%emt 0:00:40]} e6 {[%emt 0:00:11]} 5. Bxc4 {[%emt 0:00:19]} c5 {[%emt 0:00:39]} 6. O-O {[%emt 0:04:29]} a6 {[%emt 0:00:45]} 7. Bb3 {[%emt 0:10:15]} Nc6 {[%emt 0:07:15]} 8. Nc3 {[%emt 0:05:00]} cxd4 {[%emt 0:02:34]} 9. exd4 {[%emt 0:00:19]} Be7 {[%emt 0:00:36]} 10. Bg5 {[%emt 0:07:36]} O-O {[%emt 0:03:16]} 11. Qd2 {[%emt 0:01:26]} b5 {[%emt 0:11:36]} 12. a3 {[%emt 0:06:01]} Bb7 {[%emt 0:01:45]} 13. Qf4 {[%emt 0:05:26]} Na5 {[%emt 0:11:13]} 14. Bc2 {[%emt 0:02:54]} Nh5 {[%emt 0:19:56]} 15. Qh4 {[%emt 0:07:19]} Bxg5 {[%emt 0:00:56]} 16. Nxg5 {[%emt 0:31:37]} h6 {[%emt 0:01:15]} 17. Bh7+ {[%emt 0:01:57]} Kh8 {[%emt 0:00:48]} 18. Nxf7+ {[%emt 0:00:17]} Rxf7 {[%emt 0:00:33]} 19. Qxh5 {[%emt 0:00:05]} Rf6 {[%emt 0:10:21]} 20. Bc2 {[%emt 0:03:31]} Nc4 {[%emt 0:05:44]} 21. Qg4 {[%emt 0:04:34]} Nxb2 {[%emt 0:04:03]} 22. Ne4 {[%emt 0:01:19]} Bxe4 {[%emt 0:07:51]} 23. Qxe4 {[%emt 0:00:36]} Kg8 {[%emt 0:00:09]} 24. Rfe1 {[%emt 0:04:35]} Rc8 {[%emt 0:01:05]} 25. Bb3 {[%emt 0:00:29]} Nc4 {[%emt 0:00:15]} 26. a4 {[%emt 0:00:27]} Qd5 {[%emt 0:01:40]} 27. Qg4 {[%emt 0:00:41]} h5 {[%emt 0:07:10]} 28. Qh4 {[%emt 0:00:27]} Rg6 {[%emt 0:00:13]} 29. g3 {[%emt 0:00:31]} Rg4 {[%emt 0:00:48]} 30. Qe7 {[%emt 0:00:18]} Rxd4 {[%emt 0:00:08]} 31. Qxe6+ {[%emt 0:00:34]} Qxe6 {[%emt 0:00:05]} 32. Rxe6 {[%emt 0:00:02]} Rd3 {[%emt 0:00:39]} 33. Bd1 {[%emt 0:00:54]} bxa4 {[%emt 0:00:35]} 34. Bxa4 {[%emt 0:00:18]} a5 {[%emt 0:00:12]} 35. Ra6 {[%emt 0:00:56]} Rc5 {[%emt 0:00:47]} 36. h4 {[%emt 0:00:31]} Nb2 {[%emt 0:01:07]} 37. Ra8+ {[%emt 0:00:21]} Kf7 {[%emt 0:00:06]} 38. Be8+ {[%emt 0:00:21]} Ke7 {[%emt 0:00:15]} 39. Re1+ {[%emt 0:00:11]} Kd6 {[%emt 0:00:38]} 40. Ra6+ {[%emt 0:00:00]} Kd5 {[%emt 0:00:00]} 41. Re2 {[%emt 0:07:28]} Nc4 {[%emt 0:10:01]} 42. Bf7+ {[%emt 0:07:52]} Kd4 {[%emt 0:00:10]} 43. Ra2 {[%emt 0:00:26]} Ne5 {[%emt 0:12:44]} 44. Bxh5 {[%emt 0:04:01]} Nc6 {[%emt 0:09:11]} 45. Ra4+ {[%emt 0:03:37]} Kc3 {[%emt 0:00:53]} 46. Be8 {[%emt 0:01:20]} Nd4 {[%emt 0:01:00]} 47. R4xa5 {[%emt 0:01:57]} Rc8 {[%emt 0:00:20]} 48. Bh5 {[%emt 0:01:03]} Kd2 {[%emt 0:00:40]} 49. Ra2+ {[%emt 0:00:58]} Rc2 {[%emt 0:00:30]} 50. Rxc2+ {[%emt 0:00:19]} Nxc2 {[%emt 0:00:04]} 51. Bg6 {[%emt 0:00:36]} Ra3 {[%emt 0:00:19]} 52. Rd6+ {[%emt 0:00:17]} Kc1 {[%emt 0:00:13]} 53. Rc6 {[%emt 0:00:06]} 1-0